|
|
|
|
| LEADER |
00000nam0a2200000 4500 |
| 001 |
254626 |
| 005 |
20231101232944.0 |
| 010 |
|
|
|a 534300394X
|
| 020 |
|
|
|a RU
|b 89-62662
|
| 035 |
|
|
|a (RuTPU)RU\TPU\book\277114
|
| 090 |
|
|
|a 254626
|
| 100 |
|
|
|a 20140322d1989 k y0rusy5003 ca
|
| 101 |
0 |
|
|a rus
|
| 102 |
|
|
|a BY
|
| 105 |
|
|
|a y z 001zy
|
| 200 |
1 |
|
|a Актуальные задачи теории динамических систем управления
|e сборник научных статей
|f Академия наук Белорусской ССР (АН БССР), Институт математики ; под ред. Р. Ф. Габасова ; И. В. Гайшуна ; Ф. М. Кирилловой
|
| 210 |
|
|
|a Минск
|c Наука и техника
|d 1989
|
| 215 |
|
|
|a 333 с.
|c ил.
|
| 320 |
|
|
|a Библиогр. в конце ст.
|
| 606 |
1 |
|
|a Динамические системы
|x Математические исследования
|2 stltpush
|3 (RuTPU)RU\TPU\subj\9530
|9 36760
|
| 610 |
1 |
|
|a автоматизированные системы управления
|
| 610 |
1 |
|
|a АСУ
|
| 610 |
1 |
|
|a оптимальное управление
|
| 610 |
1 |
|
|a экстремальные задачи
|
| 610 |
1 |
|
|a линейные системы
|
| 610 |
1 |
|
|a устойчивость
|
| 610 |
1 |
|
|a функционально-дифференциальные уравнения
|
| 610 |
1 |
|
|a нелинейные системы
|
| 610 |
1 |
|
|a решение
|
| 675 |
|
|
|a 681.51.033
|v 3
|
| 702 |
|
1 |
|a Габасов
|b Р. Ф.
|g Рафаил Федорович
|4 340
|
| 702 |
|
1 |
|a Гайшун
|b И. В.
|4 340
|
| 702 |
|
1 |
|a Кириллова
|b Ф. М.
|4 340
|
| 712 |
0 |
2 |
|a Академия наук Белорусской ССР (АН БССР)
|b Институт математики
|c (Минск)
|2 stltpush
|3 (RuTPU)RU\TPU\col\19400
|
| 801 |
|
0 |
|a RU
|b RuMRKP
|c 19960704
|g psbo
|
| 801 |
|
1 |
|a RU
|b 63413507
|c 20140322
|
| 801 |
|
2 |
|a RU
|b 63413507
|c 20140701
|g RCR
|
| 942 |
|
|
|c BK
|